Artistes français révélés par des télé-crochets. - Statistiques

Statistiques générales
  • Ce quiz a été pris 120 fois
  • Le résultat moyen est 15 sur 20
Statistiques - réponses
Emission et saison Indice supplémentaire Réponse % Correct
Nouvelle Star 2(demi-finaliste) Sa philosophie à elle, c'est de viser la lune, car ça ne lui fait pas peur. Amel Bent
95%
Star Academy 1(gagnante) Après avoir gagné un télé-crochet, elle a elle même été coach dans la première saison de The Voice. Jenifer
95%
The Voice 2(demi-finaliste) Cette chanteuse du nord s'est aussi révélée au cinéma dans "La famille Bélier". Louane
95%
The Voice 5(gagnant) Formant un duo avec Vitaa, il est sélectionné pour représenter la France à l'Eurovision 2024. Slimane
95%
Star Academy 4(gagnant) Connu pour sa reprise de "SOS d'un terrien en détresse", il est décédé des suites de la mucoviscidose en 2007. Grégory Lemarchal
93%
Nouvelle Star 5(gagnant) Ses titres les plus connus sont "Paris-Seychelles", "Coco-Câline" ou encore "Les limites". Julien Doré
92%
The Voice 3(gagnant) Alors que seul Mika s'était retourné lors de son audition, il connaît par la suite un grand succès avec "Andalouse" ou encore "Color Gitano". Kendji
92%
The Voice 3(finaliste) Ce chanteur a classé la France 6ème au Concours de l'Eurovision 2016 avec "J'ai cherché". Amir
90%
Star Academy 2(gagnante). Ses titres les plus connus sont "Cassé" et "Tri Martolod", cette chanteuse étant bretonne. Nolwenn Leroy
89%
The Voice 4(demi-finaliste) Egalement humoriste, elle a remporté une Victoire de la musique en 2021 avec Grand Corps Malade. Camille Lellouche
81%
Star Academy 1(demi-finaliste) Le titre phare de cette chanteuse est "La femme chocolat". Olivia Ruiz
80%
Popstars 3(gagnant en groupe) Il a remporté la première saison de "Danse avec les stars" et a été le coach gagnant de The Voice 6. Matt Pokora
76%
Nouvelle Star 4(gagnant) Le surnom de cet artiste est "La Tortue". Christophe Willem
72%
Popstars 2(participation) Ses titres phares sont "Entre nous" et sa reprise "Je viens du sud". Chimène Badi
70%
Graines de Star(participation) Artiste sous l'égide de Mylène Farmer, elle a aussi gagné la quatrième saison de "Danse avec les stars". Alizée
69%
The Voice 3(quart de finale) Le groupe est aujourd'hui séparé, mais un des deux membres continue sa carrière et est en couple avec Laure Manaudou. Fréro Delavega
69%
Graines de Star(3 victoires) Ses titres les plus connus sont "Roc", "Et c'est parti" mais surtout son duo avec Enrique Iglesias sur "Tired of being sorry". Nadiya
51%
Nouvelle Star 7(demi-finaliste) Elle a aussi remporté le César du meilleur espoir féminin en 2018 pour "Le Brio". Camélia Jordana
47%
Popstars 4(gagnante) Elle est la seule artiste RnB française a avoir 2 numéros 1 consécutifs au top single français. Sheryfa Luna
36%
Graines de Star(participation) Figure féminine du RnB et RaïNB française, elle est principalement connue pour son duo avec Amine sur "Sobri" ou pour "Le bon choix". Leslie
34%
Aucun quiz correspondant
Distribution des résultats
% des personnes avec chaque résultat
Percentile par nombre de réponses
Votre historique - résultats
Vous n’avez pas pris ce quiz